| 000 | 01074cam a2200301 a 4500 | ||
|---|---|---|---|
| 003 | CHAP | ||
| 005 | 20220329142411.0 | ||
| 007 | z | ||
| 008 | 001123d2000 mx 10 spa d | ||
| 010 | _a82943 | ||
| 011 | _a83915 | ||
| 020 | _a9701325125 | ||
| 035 | _a94434 | ||
| 040 | _cCHAP | ||
| 090 | _aCD-64 | ||
| 110 |
_aInstituto Nacional de Estadística, Geografía e Informática. México _959304 |
||
| 245 | 0 |
_aCarta geológica (disco compacto) : _bcobertura nacional : serie 1 escala 1:1 000 000 _c/por Instituto Nacional de Estadística, Geografía e Informática |
|
| 260 |
_aAguascalientes, Ags. : _bInstituto Nacional de Estadística, Geografía e Informática, _c2000. |
||
| 300 |
_a1 disco compacto _c5 1/4 plgs. |
||
| 590 |
_aBATCH-UPD _b10 _c20130410 _lUCH01 _h1249 |
||
| 590 |
_aBATCH-UPD _b10 _c20130914 _lUCH01 _h1539 |
||
| 590 |
_aCONVERSION _b10 _c20130109 _lUCH01 _h1346 |
||
| 650 | 1 | 4 |
_aGeología _xCartas y diagramas, etc. _947613 |
| 901 | _aBK | ||
| 905 | _aLilia Sánchez G. | ||
| 942 | _cCD | ||
| 949 |
_aCD-64 _bBC _cCD _d33724000582540 _eCD _i94434 _sb |
||
| 999 |
_c82943 _d82943 |
||